000 00597cab a2200217 4500
001 WB2928-53
008 090401t1993 xxu||||| |||| 00| 0 eng d
035 _a(Sirsi) u1996
041 _aeng
245 _aWhen money grows on trees
260 _c1993
350 _a0
490 _aFinancial Times
_v20 July 1993, 12(1)
520 _aConsiders the possible privatisation of British forests and break-up of the Forestry Commission.
650 _aFORESTRY COMMISSION
650 _aPRIVATISATION
650 _aPUBLIC ACCESS
690 _aRURAL PRACTICE
942 _n0
948 _c04/03/1997
999 _c1180
_d1180